| 000 | 00444nam a2200181Ia 4500 | ||
|---|---|---|---|
| 001 | 21252 | ||
| 005 | 20260306172905.0 | ||
| 008 | 260306t2015||||xx |||||||||||||| ||spa|| | ||
| 041 | _aESP | ||
| 082 |
_a344.5 _bS18E V. 2 |
||
| 100 |
_aSalinas Siccha, Ramiro _eAUT |
||
| 245 | 0 | _aDerecho penal. Parte especial | |
| 260 | _c2015 | ||
| 300 |
_avarias paginaciones : : _c25 cm. |
||
| 650 | _aGEN | ||
| 654 | _aCDE | ||
| 942 |
_cLIB _dJUS _fJUS _2ddc _n |
||
| 999 |
_c21252 _d21252 |
||